| 000 | 00511nam a22001817a 4500 | ||
|---|---|---|---|
| 005 | 20240830085245.0 | ||
| 008 | 240830b |||||||| |||| 00| 0 eng d | ||
| 020 | _a421142901 | ||
| 041 | _a340.03 STR | ||
| 082 | _aEnglish | ||
| 100 | _lEnglish | ||
| 245 | _aStroud's Judicial Dictionary | ||
| 250 | _aFourth Edition | ||
| 260 |
_aLondon: _bSweet and Maxwell Limited, _c1971 |
||
| 300 |
_bxxiv, 671 pages; _c26 cm. |
||
| 650 |
_aLegal practice _bLaw |
||
| 942 |
_cBK _6ALISON_BN_VRIES |
||
| 999 |
_c2959 _d2959 |
||